000 002760000a22000970004500
100 1 _aHahn, Eberhard (1953- )
245 1 0 _aEthical questions as confessional questions?
300 _aVol. 12, Núm 1 (2003), Páginas 21-26
773 0 _tEuropean Journal of Theology
942 _cANA
999 _c53942
_d53942